Statistics for Monarchs by Picture

Click here to take the quiz!

General Stats

  • This quiz has been taken 25 times
  • The average score is 8 of 12

Answer Stats

Answer% Correct
Henry VIII
95%
Louis XIV
95%
Napoleon
95%
Victoria
95%
Peter the Great
68%
Frederick the Great
64%
Maria Theresa
50%
Christina
45%
Philip V
45%
Suleiman the Magnificent
41%
Akbar
36%
Christian IX
32%

Score Distribution

Percentile by Number Answered

Percent of People with Each Score

Your Score History

You have not taken this quiz